Spadkowicze z Ekstraligi - Statystyki

Ogólne statystyki
  • Ten quiz został rozwiązany 14 razy
  • Średni wynik to 36 z 38
Statystyki odpowiedzi
Rok Odpowiedź % Poprawnych
2019 Apator Toruń
100%
2001 Falubaz Zielona Góra
100%
2005 Falubaz Zielona Góra
100%
2021 Falubaz Zielona Góra
100%
2007 Polonia Bydgoszcz
100%
2010 Polonia Bydgoszcz
100%
2013 Polonia Bydgoszcz
100%
2004 Row Rybnik
100%
2006 Row Rybnik
100%
2017 Row Rybnik
100%
2020 Row Rybnik
100%
1999 Stal Rzeszów
100%
2008 Stal Rzeszów
100%
2013 Stal Rzeszów
100%
2015 Stal Rzeszów
100%
2024 Unia Leszno
100%
1996 Unia Tarnów
100%
2008 Unia Tarnów
100%
2016 Unia Tarnów
100%
2018 Unia Tarnów
100%
1999 Gkm Grudziądz
92%
2015 Gkm Grudziądz
92%
2002 Stal Gorzów
92%
1997 Włókniarz Częstochowa
92%
2011 Włókniarz Częstochowa
92%
2014 Włókniarz Częstochowa
92%
2000 Wybrzeże Gdańsk
92%
2003 Wybrzeże Gdańsk
92%
2009 Wybrzeże Gdańsk
92%
2012 Wybrzeże Gdańsk
92%
2014 Wybrzeże Gdańsk
92%
1998 Ostrovia Ostrów
85%
2022 Ostrovia Ostrów
85%
2003 Polonia Piła
85%
1997 Sparta Wrocław
85%
2023 Wilki Krosno
77%
1999 Start Gniezno
69%
2013 Start Gniezno
69%
Nie znaleziono quizów pasujących do podanych kryteriów
Rozkład punktacji
Procent ludzi z każdym wynikiem
Percentyl według liczby udzielonych odpowiedzi
Twoja historia wyników
Nie rozwiązałeś tego quizu